Statistiken für Größte Städte der Welt nach Buchstabe - B

Klicken Sie hier um das Quiz zu spielen!

Allgemein

  • Dieses Quiz wurde 2.636 mal gespielt
  • Das Durchschnittsergebnis liegt bei 13 aus 22

Antwortstatistiken

LandBevölkerungStadt% Korrekt
Deutschland4,63 Mio.Berlin
98%
Argentinien16,1 Mio.Buenos Aires
94%
Thailand18,4 Mio.Bangkok
93%
Spanien4,70 Mio.Barcelona
92%
Ungarn2,68 Mio.Budapest
91%
Brasilien3,98 Mio.Brasília
91%
Rumänien2,20 Mio.Bukarest
88%
Irak6,95 Mio.Bagdad
85%
Kolumbien9,65 Mio.Bogotá
84%
USA7,60 Mio.Boston
80%
Vereinigtes Königreich3,10 Mio.Birmingham
79%
Aserbaidschan2,53 Mio.Baku
76%
Australien2,95 Mio.Brisbane
66%
Brasilien5,00 Mio.Belo Horizonte
46%
Indien11,5 Mio.Bangalore
45%
Mali3,25 Mio.Bamako
44%
Südkorea4,18 Mio.Busan
32%
Indonesien6,15 Mio.Bandung
18%
Brasilien2,25 Mio.Belém
17%
Indien2,30 Mio.Bhopal
11%
Indien2,73 Mio.Bhilai
5%
China2,15 Mio.Baotou
3%

Verteilung der Resultate

Perzentil nach korrekt beantworteten Fragen

Anzahl Personen mit jedem Resultat

Ihre Resultats-Entwicklung

Sie haben dieses Quiz noch nicht gespielt